000 00271nam a2200121Ia 4500
005 20251222141846.0
008 251222s9999||||xx |||||||||||||| ||spa||
082 _a302.14/J24
100 _aJaramillo B., Fidel
245 0 _aCapital Social:
264 _bCAF
942 _cLIB
999 _c7584
_d7584